Score 0/30 Timer 05:00
6 Plays Today
Word State % Correct
cutConnecticut
89.6%
awareDelaware
79.7%
adoColorado
78.7%
forCalifornia
74.8%
seeTennessee
74.8%
shireNew Hampshire
74%
alasAlaska
73.1%
askAlaska/Nebraska
72%
braNebraska
68.4%
sipMississippi
68.4%
tuckKentucky
67.9%
ginVirginia/West Virginia
66.7%
innMinnesota
64.4%
ashWashington
63.3%
labAlabama
57.3%
Word State % Correct
sourMissouri
57.1%
sinWisconsin
57.1%
odeRhode Island
52%
radColorado
51.8%
consWisconsin
48.6%
chiMichigan
47.2%
outSouth Carolina/South Dakota
47%
tanMontana
46.2%
egoOregon
43.9%
shinWashington
38.2%
ridFlorida
37.7%
ticConnecticut
29.4%
lawDelaware
27.8%
useMassachusetts
22.8%
vanPennsylvania
21.1%
Remove Ads.
Support Sporcle.
Get the best of Sporcle when you Go Orange. This ad-free experience offers more features, more stats, and more fun while also helping to support Sporcle. Thank you for becoming a member.

You're not logged in!

Compare scores with friends on all Sporcle quizzes.
OR
Log In

Show Comments

Extras

Top Quizzes Today


Score Distribution

Your Account Isn't Verified!

In order to create a playlist on Sporcle, you need to verify the email address you used during registration. Go to your Sporcle Settings to finish the process.

Report this User

Report this user for behavior that violates our Community Guidelines.

Details: